| 000 | 00709nam a22002297a 4500 | ||
|---|---|---|---|
| 003 | OSt | ||
| 005 | 20240509083707.0 | ||
| 008 | 240509b |||||||| |||| 00| 0 eng d | ||
| 020 | _a9789391328948 | ||
| 040 | _cSTCPL | ||
| 041 | _aMAL | ||
| 082 |
_a307.772 _bKAN-M |
||
| 100 |
_aRajan, Kanchiyar _qകാഞ്ചിയാർ രാജൻ |
||
| 245 |
_aMannaan : _bJeevitham Samskaram kala / _cby Kanchiyar Rajan _hമന്നാൻ : ജീവിതം സംസ്കാരം കല / |
||
| 260 |
_aThiruvananthapuram : _bKerala bhasha institute , _c2022 . |
||
| 300 |
_a98 p. _bPB |
||
| 650 | _aMalayalam literature | ||
| 650 | _aSociology | ||
| 942 | _cBK | ||
| 942 | _2ddc | ||
| 942 |
_2ddc _n0 |
||
| 999 |
_c82831 _d82831 |
||